| 000 | 00716nam a22002537a 4500 | ||
|---|---|---|---|
| 003 | UA-OsUOA | ||
| 001 | 24406 | ||
| 007 | ta | ||
| 008 | 20040217b un ||||| |||| 00| 0 ukr d | ||
| 100 | _aКоропецький І. | ||
| 090 |
_a330(091)(477) _bК68 |
||
| 942 | _cBK | ||
| 040 |
_aUA-OsUOA _bukr _cUA-OsUOA _dUA-OsUOA |
||
| 245 | _aДещо про минуле, недавнє минуле та сучасне української економіки | ||
| 300 | _a240 с. | ||
| 955 | _a2 | ||
| 041 | _aukr | ||
| 080 | _a330(091)(477) | ||
| 020 | _a5-325-00707-6 | ||
| 260 |
_aКиїв _bЛибідь _c1995 |
||
| 044 | _aUA | ||
| 650 | 7 |
_a330 Економіка взагалі _2UDC |
|
| 999 |
_c310677 _d310677 |
||